Sports Quiz

Random Sports Quiz
Score 0/60 Timer 10:00
0 Plays Today
Position Player % Correct
QBPeyton Manning
99.3%
WRDemaryius Thomas
96.1%
WREmmanuel Sanders
93.3%
LBVon Miller
91.3%
QBBrock Osweiler
90.3%
CBAqib Talib
88.2%
RBRonnie Hillman
83.3%
RBC.J. Anderson
82.5%
PKBrandon McManus
82.4%
OTRyan Harris
81.5%
DEDeMarcus Ware
81.3%
ST.J. Ward
78.9%
TEOwen Daniels
78.1%
CBChris Harris Jr.
77.6%
CBBradley Roby
71%
LBBrandon Marshall
69.8%
SDarian Stewart
69.6%
KBritton Colquitt
69.5%
QBTrevor Siemian
68.8%
DEDerek Wolfe
67.6%
TEVirgil Green
67.1%
DTSylvester Williams
64.2%
CBCurtis Marsh
63.3%
LBTodd Davis
62.9%
OTRyan Clady
62.8%
LBDanny Trevathan
62.2%
WRAndre Caldwell
60.9%
DTMalik Jackson
60.6%
WRKyle Williams
58.6%
WRJordan Norwood
58.6%
Position Player % Correct
CMatt Paradis
58.4%
WRCody Latimer
58%
WRBennie Fowler
57.6%
OTLouis Vasquez
56.4%
LBShane Ray
55.8%
GEvan Mathis
46.4%
LBShaquil Barrett
46.2%
DEAntonio Smith
45%
CBKayvon Webster
44.1%
GShelley Smith
44%
SDavid Bruton Jr.
42.3%
OTMichael Schofield
40%
CMax Garcia
38.5%
SOmar Bolden
37.3%
OTTy Sambrailo
33.1%
DTVance Walker
30.8%
LBCorey Nelson
28%
TEJeff Heuerman
27.2%
CAaron Brewer
26%
SJosh Bush
25.6%
CBLorenzo Doss
23.3%
RBJuwan Thompson
20.1%
DTDarius Kilgo
20.1%
CJames Ferentz
17.9%
TEJames Casey
14.4%
LBLerentee McCray
14%
DEKenny Anunike
12%
DTMarvin Austin Jr.
10.8%
TEMitchell Henry
10.7%
DEJohn Youboty
3.4%
Remove Ads.
Support Sporcle.
Get the best of Sporcle when you Go Orange. This ad-free experience offers more features, more stats, and more fun while also helping to support Sporcle. Thank you for becoming a member.

You're not logged in!

Compare scores with friends on all Sporcle quizzes.
OR
Log In

Show Comments

Extras

Top Quizzes Today


Score Distribution

Your Account Isn't Verified!

In order to create a playlist on Sporcle, you need to verify the email address you used during registration. Go to your Sporcle Settings to finish the process.

Report this User

Report this user for behavior that violates our Community Guidelines.

Details: